Historiaa kirjaimittain - A - Statistics

Yleistilastot
  • Tätä visaa on pelattu 1 677 kertaa
  • Keskiarvotulos 10 / 22
Vastaustilastot
Vihje Vastaus % Oikein
Ensimmäinen ihminen kuussa Neil Armstrong
92%
Suomen kirjakielen isänä pidetty henkilö Mikael Agricola
91%
Yllä olevaa opettanut filosofi Aristoteles
71%
"Suuri" Persian valloittanut Makedonian kuningas Aleksanteri Suuri
69%
Neuvostoliiton vuonna 1979 miehittämä valtio Afganistan
62%
Toisen maailmansodan hävinnyt osapuoli Akselivallat
61%
Rotusortojärjestelmä, jota vastaan Nelson Mandela taisteli Apartheid
59%
Tunnetuin ja viimeinen hunnien johtaja Attila
55%
Kreikkalainen keksijä, joka tunnetusti huudahti "Heureka!" Arkhimedes
50%
Rooman valtakunnan ensimmäinen keisari Augustus
50%
Englanti on saanut nimensä tämän kansan mukaan Anglit
49%
Aikoinaan maustekauppaa hallinnut valtio Alankomaat
45%
Tenochtitlán oli tämän valtakunnan pääkaupunki Asteekkivaltakunta
45%
Nykyisen Turkin valtion perustaja Mustafa Kemal Atatürk
40%
Etiopian entinen nimi Abessinia
34%
Noin vuodesta 2500 eaa. 600-luvulle eaa. asti olemassa ollut valtakunta Mesopotamiassa Assyria
25%
Watistaan tunnettu Khmerien valtakunnan pääkaupunki Angkor
24%
Muhammedin seuraaja šiialaisten mukaan Ali
22%
Ensimmäinen etelänavan saavuttanut henkilö Roald Amundsen
22%
Mogulivaltakunnan pääkaupunki, johon Taj Mahal rakennettiin Agra
20%
Kastilian kanssa Espanjaksi yhdistynyt valtio Aragon
15%
"Tunnustukset" kirjoittanut kristinuskon pyhimys Augustinus
10%
Ehtoja vastaavia visoja ei löytynyt
Tulosjakauma
Jokaisen tuloksen saaneiden osuus
Persentiili vastausten määrän mukaan
Tuloshistoriasi
Et ole pelannut tätä visaa